Szczegóły MARC21

Turystyczna encyklopedia Polski : przydatna z natury rzeczy /

005 -DATA I CZAS OSTATNIEJ MODYFIKACJI [,]
    • @
    • pole kontrolne
    • 20100106112846.0
020 -Międzynarod. znormalizowany nr książki - ISBN [ , ]
    • a
    • Numer ISBN
    • 9788373049727 Find
040 -Instytucja sporządzająca opis [ , ]
    • a
    • Instytucja, która sporządziła opis (NP)
    • SZCZ U/BK
    • c
    • Instytucja, która sporządziła rekord (NP)
    • SZCZ U/BK
    • d
    • Instytucja, która zmodyfikowała rekord (P)
    • SZCZ U/JŚ
041 -Język dokumentu [1, ]
    • a
    • Język tekstu (P)
    • polski
044 -Kraj miejsca wydania [ , ]
    • a
    • Kraj miejsca wydania
    • Polska
942 -Rodzaj dokumentu [ , ]
    • c
    • Rodzaj dokumentu
    • Książka
245 -Strefa tytułu i oznaczenia odpowiedzialności [0,0]
    • a
    • Tytuł
    • Turystyczna encyklopedia Polski : Find
    • b
    • Ciąg dalszy tytułu (NP)
    • przydatna z natury rzeczy / Find
    • c
    • Pozostałe elementy strefy tytułu i oznaczenia odpowiedzialności (NP)
    • [red. Małgorzata Krygier].
260 -Strefa adresu wydawniczego [ , ]
    • a
    • Miejsce wydania (P)
    • Bielsko-Biała :
    • b
    • Nazwa wydawcy (P)
    • Wydawnictwo Pascal,
    • c
    • Data wydania (P)
    • cop. 2007.
300 -Strefa opisu fizycznego [ , ]
    • a
    • Określenie formy książki i/lub objętość (NP)
    • 619 s. :
    • b
    • Oznaczenie ilustracji (NP)
    • il. ;
    • c
    • Format (NP)
    • 24 cm.
080 -Uniwersalna Klasyfikacja Dziesiętna [ , ]
    • 2
    • Identyfikator wydania tablic
    • UDC-P058
    • a
    • Symbol klasyfikacji
    • 913(438)
    • b
    • Dopowiedzenie
    • Geografia Polski.
    • 9
    • UKD
    • 6814
    • 4
    • UKD2
    • 8297
    • x
    • Poddział wspólny
    • (03)
    • c
    • Dopowiedzenie poddz. wspólnego
    • (Encyklopedie. Słowniki encyklopedyczne. Wydawnictwa informacyjne).
980 -Symbol UKD [ , ]
    • a
    • UKD
    • 913(438)(03)
700 -Hasło dodatkowe - nazwa osobowa [1, ]
    • a
    • Nazwa osobowa (NP)
    • Krygier, Małgorzata Find
    • c
    • Dopowiedzenie inne niż daty biograficzne (NP)
    • (turystyka).
    • e
    • Określenie rodzaju współpracy
    • Red.
    • 9
    • KHW
    • 8894
920 -ISBN [ , ]
    • a
    • ISBN
    • 978-83-7304-972-7 Find
Numer inwentarzowy Uwagi nie widoczne w OPAC Status udost. Lokalizacja Sygnatura Data inwentaryzacji
Z.110689podr.geografia slowniki1BGZ.110689 Geogr.Enc.2008-04-23